ARRUPE JESUIT UNIVERSITY

CORONAVIRUS -STOP THE SPREAD - CLEAN,DISINFECT,COVER

Elementary mathematics (Record no. 122305)

MARC details
000 -LEADER
fixed length control field 00554nam a22001697a 4500
008 - FIXED-LENGTH DATA ELEMENTS--GENERAL INFORMATION
fixed length control field 150306b xxu||||| |||| 00| 0 eng d
020 ## - INTERNATIONAL STANDARD BOOK NUMBER
International Standard Book Number 9780486434810
050 ## - LIBRARY OF CONGRESS CALL NUMBER
Classification number QA461.K4513 2004
100 ## - MAIN ENTRY--PERSONAL NAME
Personal name Klein, Felix
9 (RLIN) 15892
245 ## - TITLE STATEMENT
Title Elementary mathematics
Remainder of title from an advanced standpoint
Statement of responsibility, etc / by Felix, Klein
260 ## - PUBLICATION, DISTRIBUTION, ETC. (IMPRINT)
Place of publication, distribution, etc Mineola, New York
Name of publisher, distributor, etc Dover
Date of publication, distribution, etc 2004
300 ## - PHYSICAL DESCRIPTION
Extent ix, 214p.
Dimensions 22cm.
650 ## - SUBJECT ADDED ENTRY--TOPICAL TERM
Topical term or geographic name as entry element Geometry
General subdivision Study and teaching
9 (RLIN) 15893
700 ## - ADDED ENTRY--PERSONAL NAME
Personal name E.R. Hedrick (trans.)
9 (RLIN) 15899
700 ## - ADDED ENTRY--PERSONAL NAME
Personal name C.A. Noble (trans.)
9 (RLIN) 15900
942 ## - ADDED ENTRY ELEMENTS (KOHA)
Source of classification or shelving scheme Library of Congress Classification
Item type Monograph ( Printed materials)
Holdings
Withdrawn status Lost status Source of classification or shelving scheme Damaged status Not for loan Collection code Home library Current library Shelving location Date acquired Total Checkouts Full call number Barcode Date last seen Price effective from Koha item type
    Library of Congress Classification     Main Collection ARRUPE LIBRARY ARRUPE LIBRARY Main Collection 06/03/2015   QA461.K4513 2004 46500002795 02/07/2019 06/03/2015 Monograph ( Printed materials)

 

Arrupe Library. PO Box MP320 Mt Pleasant, Harare, Zimbabwe
263 242 745411|librarian@aju.ac.zw